000 00561nam a2200205Ia 4500
005 20260429112139.0
008 260429s9999||||xx |||||||||||||| ||und||
020 _a9781264931187
041 _aEnglish
082 _a617.1
_bPRE
100 _aPrentice, William E.
245 0 _aEssentials of athletic injury management /
_cWilliam E. Prentice
250 _a12th ed.
260 _aNew York :
_bMcGraw Hill,
_c2020.
300 _axx, 473 p.; hb
650 _a Physical education
650 _a Sports injuries
650 _aSports medicine
942 _cTB
999 _c52587
_d52587